Η μοντέρνα τέχνη
Αποθηκεύτηκε σε:
| Κύριος συγγραφέας: | |
|---|---|
| Άλλοι συγγραφείς: | |
| Μορφή: | Βιβλίο |
| Γλώσσα: | Greek Italian |
| Δημοσίευση: |
Ηράκλειο :
Πανεπιστημιακές Εκδόσεις Κρήτης,
c1995.
|
| Σειρά: | Συμβολές στις επιστήμες του ανθρώπου
|
| Θέματα: | |
| Ετικέτες: |
Προσθήκη ετικέτας
Δεν υπάρχουν, Καταχωρήστε ετικέτα πρώτοι!
|
MARC
| LEADER | 00000cam a2200000 i 4500 | ||
|---|---|---|---|
| 001 | 1/49236 | ||
| 008 | 990609s1995 gr | ||| |||| ||gre|| | ||
| 020 | |a 9605240289 | ||
| 035 | |l 10072382 | ||
| 040 | |a GR-MyUa |b gre |e AACR2 | ||
| 041 | 1 | |a gre |h ita | |
| 082 | 7 | |a 709.04 |2 (21) | |
| 100 | 1 | |a Argan, Giulio Carlo. | |
| 245 | 1 | 2 | |a Η μοντέρνα τέχνη / |c Τζούλιο Κάρλο Αργκάν ; απόδοση από τα ιταλικά: Λίνα Παπαδημήτρη ; προλογίζει ο Νίκος Κεσσανλής. |
| 260 | |a Ηράκλειο : |b Πανεπιστημιακές Εκδόσεις Κρήτης, |c c1995. | ||
| 300 | |a xiv, 746 σ. : |b εικ. ; |c 29 εκ. | ||
| 490 | 1 | |a (Συμβολές στις επιστήμες του ανθρώπου) | |
| 500 | |a Το παράρτημα Ρόδου διαθέτει την 1η επανέκδ. του 1998 και την 5η έκδοση του 2006. | ||
| 500 | |a Το παράρτημα Σύρου διαθέτει την 2η επανέκδ. του 1999 και την 3η επανέκδ. του 2002. | ||
| 500 | |a Το Παράρτημα Λέσβου διαθέτει την 3η επανέκδ. του 2002, την 5η επανέκδ. του 2006 και την 6η επανέκδ. του 2008. | ||
| 500 | |a Το Παράρτημα Σάμου διαθέτει την 5η επανέκδ. του 2006. | ||
| 500 | |a Το Παράρτημα Λήμνου διαθέτει την 5η επανέκδ. του 2006. | ||
| 500 | |a Τίτλος πρωτοτύπου: L'arte moderna, dall' illuminismo ai movimenti. | ||
| 500 | |a Περιλαμβάνει ευρετήρια. | ||
| 650 | 0 | |a Art, Modern |y 19th century. | |
| 650 | 0 | |a Art, Modern |y 20th century. | |
| 700 | 1 | |a Κεσσανλής, Νίκος, |d 1930-2004, |e aui | |
| 830 | 0 | |a Συμβολές στις επιστήμες του ανθρώπου | |
| 852 | |a INST |b CHIOS |e 20100830 |h 709.04 ARG |p 005200031867 |q 005200031867 |t BK |y 0 | ||
| 852 | |a INST |b LEMNOS |e 20100518 |h 709.04 ARG |p 005600000280 |q 005600000280 |t BK |y 0 | ||
| 852 | |a INST |b LESVOS |e 20050804 |h 709.04 ARG |p 005100031760 |q 005100031760 |t BK |y 0 | ||
| 852 | |a INST |b LESVOS |e 20100518 |h 709.04 ARG |p 005100046899 |q 005100046899 |t BK |y 0 | ||
| 852 | |a INST |b LESVOS |e 20100518 |h 709.04 ARG |p 005100047302 |q 005100047302 |t BK |y 0 | ||
| 852 | |a INST |b LESVOS |e 20100518 |h 709.04 ARG |p 005100047303 |q 005100047303 |t BK |y 0 | ||
| 852 | |a INST |b LESVOS |e 20100518 |h 709.04 ARG |p 005100047304 |q 005100047304 |t BK |y 0 | ||
| 852 | |a INST |b RHODES |e 19990609 |h 709.04 ARG |p 005400027002 |q 005400027002 |t BK |y 0 | ||
| 852 | |a INST |b RHODES |e 20111212 |h 709.04 ARG |p 005400033875 |q 005400033875 |t BK |y 0 | ||
| 852 | |a INST |b SAMOS |e 20100518 |h 709.04 ARG |p 005300031114 |q 005300031114 |t BK |y 0 | ||
| 852 | |a INST |b SYROS |e 20020416 |h 709.04 ARG |p 005500000509 |q 005500000509 |t BK |y 0 | ||
| 852 | |a INST |b SYROS |e 20020416 |h 709.04 ARG |p 005500000510 |q 005500000510 |t BK |y 0 | ||
| 852 | |a INST |b SYROS |e 20020416 |h 709.04 ARG |p 005500000511 |q 005500000511 |t BK |y 0 | ||
| 852 | |a INST |b SYROS |e 20020416 |h 709.04 ARG |p 005500000512 |q 005500000512 |t BK |y 0 | ||
| 852 | |a INST |b SYROS |e 20020416 |h 709.04 ARG |p 005500000513 |q 005500000513 |t BK |y 0 | ||
| 852 | |a INST |b SYROS |e 20011012 |h 709.04 ARG |p 005500000800 |q 005500000800 |t BK |y 0 | ||
| 852 | |a INST |b SYROS |e 20011012 |h 709.04 ARG |p 005500000801 |q 005500000801 |t BK |y 0 | ||
| 852 | |a INST |b SYROS |e 20001120 |h 709.04 ARG |p 005500002211 |q 005500002211 |t BK |y 0 | ||
| 852 | |a INST |b SYROS |e 20040224 |h 709.04 ARG |p 005500002661 |q 005500002661 |t BK |y 0 | ||
| 852 | |a INST |b SYROS |e 20040224 |h 709.04 ARG |p 005500002662 |q 005500002662 |t BK |y 0 | ||
| 852 | |a INST |b SYROS |e 20031029 |h 709.04 ARG |p 005500002663 |q 005500002663 |t BK |y 0 | ||
| 852 | |a INST |b SYROS |e 20040224 |h 709.04 ARG |p 005500002664 |q 005500002664 |t BK |y 0 | ||
| 852 | |a INST |b SYROS |e 20040224 |h 709.04 ARG |p 005500002665 |q 005500002665 |t BK |y 0 | ||
| 852 | |a INST |b SYROS |e 20031029 |h 709.04 ARG |p 005500002666 |q 005500002666 |t BK |y 0 | ||
| 852 | |a INST |b SYROS |e 20040621 |h 709.04 ARG |p 005500002667 |q 005500002667 |t BK |y 0 | ||
| 852 | |a INST |b SYROS |e 20031029 |h 709.04 ARG |p 005500002668 |q 005500002668 |t BK |y 0 | ||
| 852 | |a INST |b SYROS |e 20031029 |h 709.04 ARG |p 005500002669 |q 005500002669 |t BK |y 0 | ||
| 852 | |a INST |b SYROS |e 20031029 |h 709.04 ARG |p 005500002670 |q 005500002670 |t BK |y 0 | ||
| 852 | |a INST |b SYROS |e 20031029 |h 709.04 ARG |p 005500002671 |q 005500002671 |t BK |y 0 | ||
| 852 | |a INST |b SYROS |e 20031029 |h 709.04 ARG |p 005500002672 |q 005500002672 |t BK |y 0 | ||
| 852 | |a INST |b SYROS |e 20031029 |h 709.04 ARG |p 005500002673 |q 005500002673 |t BK |y 0 | ||
| 852 | |a INST |b SYROS |e 20031029 |h 709.04 ARG |p 005500002674 |q 005500002674 |t BK |y 0 | ||
| 852 | |a INST |b SYROS |e 20040621 |h 709.04 ARG |p 005500002675 |q 005500002675 |t BK |y 0 | ||
| 852 | |a INST |b SYROS |e 20031029 |h 709.04 ARG |p 005500002676 |q 005500002676 |t BK |y 0 | ||
| 852 | |a INST |b SYROS |e 20031029 |h 709.04 ARG |p 005500002677 |q 005500002677 |t BK |y 0 | ||
| 852 | |a INST |b SYROS |e 20031029 |h 709.04 ARG |p 005500002678 |q 005500002678 |t BK |y 0 | ||
| 852 | |a INST |b SYROS |e 20041109 |h 709.04 ARG |p 005500003939 |q 005500003939 |t BK |y 0 | ||
| 852 | |a INST |b SYROS |e 20041109 |h 709.04 ARG |p 005500003940 |q 005500003940 |t BK |y 0 | ||
| 852 | |a INST |b SYROS |e 20041109 |h 709.04 ARG |p 005500003941 |q 005500003941 |t BK |y 0 | ||
| 852 | |a INST |b SYROS |e 20041109 |h 709.04 ARG |p 005500003943 |q 005500003943 |t BK |y 0 | ||
| 852 | |a INST |b SYROS |e 20041109 |h 709.04 ARG |p 005500003944 |q 005500003944 |t BK |y 0 | ||
| 852 | |a INST |b SYROS |e 20041109 |h 709.04 ARG |p 005500003945 |q 005500003945 |t BK |y 0 | ||
| 852 | |a INST |b SYROS |e 20041109 |h 709.04 ARG |p 005500003946 |q 005500003946 |t BK |y 0 | ||
| 852 | |a INST |b SYROS |e 20041109 |h 709.04 ARG |p 005500003947 |q 005500003947 |t BK |y 0 | ||
| 852 | |a INST |b SYROS |e 20031029 |h 709.04 ARG |p 005500004049 |q 005500004049 |t BK |y 0 | ||
| 852 | |a INST |b SYROS |e 20031029 |h 709.04 ARG |p 005500004344 |q 005500004344 |t BK |y 0 | ||
| 852 | |a INST |b SYROS |e 20031029 |h 709.04 ARG |p 005500004369 |q 005500004369 |t BK |y 0 | ||
| 852 | |a INST |b SYROS |e 20040630 |h 709.04 ARG |p 005500004392 |q 005500004392 |t BK |y 0 | ||
| 901 | |a BIBL5-2004-1 | ||
| 901 | |a BIBL4-2011-3 | ||
| 901 | |a BIBL1-2005-2 | ||
| 901 | |a BIBL5-2002-1 | ||
| 901 | |a BIBL5-2000-3 | ||
| 901 | |a BIBL5-2001-3 | ||
| 901 | |a BIBL4-1999-2 | ||
| 901 | |a BIBL3-2009-3 | ||
| 901 | |a BIBL6-2010-1 | ||
| 901 | |a BIBL2-2010-2 | ||
| 922 | |a 5ΕΛΗ |b 200108 |c ΕΠΕΑΕΚ2/183 |d Παπασωτηρίου | ||
| 922 | |a 5ΕΛΗ |b 200010 |c Γραφικών Τεχνών |d Παπασωτηρίου | ||
| 922 | |a 4ΕΛΗ |b 199903 |c ΚΠΣ/Ν |d Emvasis | ||
| 950 | |a 183-2000-09-18 | ||
| 970 | |a Κοντού |b Παρασκευή |z 31/08/2001 | ||